<?xml version="1.0" encoding="UTF-8"?>
<record
    xmlns:xsi="http://www.w3.org/2001/XMLSchema-instance"
    xsi:schemaLocation="http://www.loc.gov/MARC21/slim http://www.loc.gov/standards/marcxml/schema/MARC21slim.xsd"
    xmlns="http://www.loc.gov/MARC21/slim">

  <leader>02797nam a2200349 a 4500</leader>
  <controlfield tag="001">8441649</controlfield>
  <controlfield tag="003">CaAEU</controlfield>
  <controlfield tag="005">20260512150241.0</controlfield>
  <controlfield tag="006">m     o  d        </controlfield>
  <controlfield tag="007">cr unu</controlfield>
  <controlfield tag="008">130625s2013    inua    o     001 0 eng d</controlfield>
  <datafield tag="020" ind1=" " ind2=" ">
    <subfield code="z">9780789750303</subfield>
  </datafield>
  <datafield tag="020" ind1=" " ind2=" ">
    <subfield code="a">9780133150933</subfield>
  </datafield>
  <datafield tag="035" ind1=" " ind2=" ">
    <subfield code="a">ocn850705700</subfield>
  </datafield>
  <datafield tag="037" ind1=" " ind2=" ">
    <subfield code="a">CL0500000226</subfield>
    <subfield code="b">Safari Books Online</subfield>
  </datafield>
  <datafield tag="039" ind1=" " ind2=" ">
    <subfield code="a">exclude</subfield>
  </datafield>
  <datafield tag="040" ind1=" " ind2=" ">
    <subfield code="a">UMI</subfield>
    <subfield code="c">UMI</subfield>
    <subfield code="d">AEU</subfield>
  </datafield>
  <datafield tag="041" ind1=" " ind2=" ">
    <subfield code="a">English</subfield>
  </datafield>
  <datafield tag="050" ind1=" " ind2="4">
    <subfield code="a">HF5415.1265</subfield>
    <subfield code="b">.H46 2013</subfield>
  </datafield>
  <datafield tag="100" ind1=" " ind2=" ">
    <subfield code="a">Hemann, Chuck</subfield>
    <subfield code="9">25899</subfield>
  </datafield>
  <datafield tag="245" ind1="1" ind2="0">
    <subfield code="a">Digital marketing analytics</subfield>
    <subfield code="b">: making sense of consumer data in a digital world </subfield>
    <subfield code="c">/ Chuck Hemann, Ken Burbary.</subfield>
  </datafield>
  <datafield tag="260" ind1=" " ind2=" ">
    <subfield code="a">Indianapolis, Ind. :</subfield>
    <subfield code="b">Que,</subfield>
    <subfield code="c">2013</subfield>
  </datafield>
  <datafield tag="500" ind1=" " ind2=" ">
    <subfield code="a">Includes index.</subfield>
  </datafield>
  <datafield tag="506" ind1=" " ind2=" ">
    <subfield code="a">Access restricted to authorized users and institutions.</subfield>
  </datafield>
  <datafield tag="520" ind1=" " ind2=" ">
    <subfield code="a">Why hasn&#x2019;t all that data produced a decisive competitive advantage? Quite simply, because it has barely been used. The good news is that your competitors are in the same position. It is undoubtedly challenging, but digital marketing analytics is entirely achievable. It offers extraordinary opportunities, and the data is already available to you.

Chuck Hemann and Ken Burbary show how to break the problem down into manageable parts, address each element systematically, and integrate a smooth process that takes you from data to decision, and from action to measurable results. Define the scope, select the appropriate tools, learn how to listen effectively, identify the right metrics, and extract maximum value from your digital data across areas such as R&amp;D, CRM, and social media marketing.

Key themes include:
&#x2014; Prioritising effectively, recognising that it is impossible to measure, monitor and analyse everything.
&#x2014; Using analysis to design customer experiences that genuinely reflect individual needs, expectations, and behaviours.
&#x2014; Measuring the true ROI of social media in terms of sales, leads, and customer satisfaction.
&#x2014; Tracking the performance of paid, earned, and owned social media channels.
&#x2014; Leveraging listening data well beyond PR and marketing, extending into strategic planning, product development, and HR.
&#x2014; Optimising web and social content in real time.
&#x2014; Applying advanced tools, processes, and algorithms to measure influence accurately.
&#x2014; Integrating paid and social data to enhance the value derived from both.
&#x2014; Combining surveys, focus groups, and offline research for greater synergy.
&#x2014; Directing new marketing and social media investments where they will generate the highest value.</subfield>
  </datafield>
  <datafield tag="650" ind1=" " ind2="0">
    <subfield code="a">Internet marketing</subfield>
    <subfield code="9">1133</subfield>
  </datafield>
  <datafield tag="650" ind1=" " ind2="0">
    <subfield code="a">Digital media</subfield>
    <subfield code="9">9437</subfield>
  </datafield>
  <datafield tag="650" ind1=" " ind2="0">
    <subfield code="a">Social media</subfield>
    <subfield code="9">1729</subfield>
  </datafield>
  <datafield tag="650" ind1=" " ind2="0">
    <subfield code="a">Branding (Marketing) </subfield>
    <subfield code="x">Management</subfield>
    <subfield code="9">11418</subfield>
  </datafield>
  <datafield tag="700" ind1=" " ind2=" ">
    <subfield code="a">Burbary, Ken</subfield>
    <subfield code="9">25900</subfield>
  </datafield>
  <datafield tag="942" ind1=" " ind2=" ">
    <subfield code="2">lcc</subfield>
  </datafield>
  <datafield tag="952" ind1=" " ind2=" ">
    <subfield code="0">0</subfield>
    <subfield code="1">0</subfield>
    <subfield code="2">lcc</subfield>
    <subfield code="4">0</subfield>
    <subfield code="7">0</subfield>
    <subfield code="a">TBS</subfield>
    <subfield code="b">TBS</subfield>
    <subfield code="d">2025-09-16</subfield>
    <subfield code="l">0</subfield>
    <subfield code="o">HF5415.1265 HEM</subfield>
    <subfield code="r">2025-09-16</subfield>
    <subfield code="t">1</subfield>
    <subfield code="w">2025-09-16</subfield>
    <subfield code="y">1</subfield>
    <subfield code="z">SOON AVAILABLE</subfield>
  </datafield>
  <datafield tag="999" ind1=" " ind2=" ">
    <subfield code="c">4953</subfield>
    <subfield code="d">4953</subfield>
  </datafield>
</record>
